000 00760nam a2200277Ia 4500
005 20260324112622.0
008 008 260324s9999 xx 000 0 eng d
020 _a9781003492160
037 _aEBOOK
040 _aCRL
040 _beng
040 _cCRL
041 _2eng
041 _aeng
084 _qCRL
100 _aIndrajit Ghosal; Bikram Prasad; Nilanjan Ray; Lalit Kumar Joshi
_91143456
245 0 _aSustainable Strategic Business Infrastructure Development and Contemporary Digital Practices in Industry 5.0
260 _bTaylor and Francis
260 _c2024
365 _a
365 _b320
856 _uhttp://www.taylorfrancis.com/books/9781003492160
942 _cEBOOK
999 _c1732726
_d1732726